| 000 | 00784nam a2200313Ia 4500 | ||
|---|---|---|---|
| 005 | 20250425160736.0 | ||
| 008 | 250425s9999 xx 000 0 und d | ||
| 020 | _a9681839692 | ||
| 041 | _aspa | ||
| 082 | _a621.567 | ||
| 100 | _aPITA, EDWARD G. | ||
| 245 | 0 | _aPRINCIPIOS Y SISTEMAS DE REFRIGERACION | |
| 250 | _a1A ED. | ||
| 260 | _aMEXICO | ||
| 260 |
_aMéxico _bLIMUSA _c1991 |
||
| 300 | _a497 | ||
| 650 | _aBANCOS DE REFRIGERACION | ||
| 650 | _aCOMPRESORES | ||
| 650 | _aCONDENSADOR | ||
| 650 | _aCONTAMINANTES | ||
| 650 | _aDISPOSITIVO DE CONTROL DE FLUJO | ||
| 650 | _aREFRIGERACION | ||
| 650 | _aREFRIGERANTES | ||
| 650 | _aTERMODINAMICA | ||
| 650 | _aTORRES DE ENFRIAMIENTO | ||
| 650 | _aTRANSFERENCIA DE CALOR | ||
| 942 | _c01 | ||
| 010 | _a4083 | ||
| 999 |
_c195254 _d195254 |
||